|
|
|
|
| LEADER |
00000nab a2200000 a 4500 |
| 001 |
vtls000871295 |
| 003 |
SK-MaSNL |
| 005 |
20260303163850.0 |
| 008 |
180206c2004 xo 0 slo |
| 015 |
|
|
|a SNBRB2004/04-13604
|
| 035 |
|
|
|a CLN000222847
|
| 040 |
|
|
|a SNKBUCL
|b slo
|c SNKBUCL
|e AACR2
|
| 041 |
0 |
|
|a slo
|
| 044 |
|
|
|a xo
|c SK
|
| 080 |
|
|
|a 502.31(437.6)
|2 UDC-MRF-SK2
|
| 080 |
|
|
|a 502.4(437.6)
|2 UDC-MRF-SK2
|
| 100 |
1 |
|
|a Šperka, Martin
|4 aut
|9 288009
|
| 245 |
1 |
0 |
|a Zábavný národný park
|b znesú sa aktívni turisti a športovci s ochranármi?
|c Martin Šperka
|
| 650 |
0 |
7 |
|a prostredie životné
|x ochrana
|x turistika
|x vzťahy
|x Tatry (Slovensko : národný park)
|2 snkbucl
|9 1188975
|
| 651 |
|
7 |
|a Tatranský národný park (Slovensko)
|2 snkbucl
|9 106968
|
| 655 |
|
7 |
|a články z novín a časopisov
|2 snkbucl
|9 267496
|
| 773 |
0 |
|
|x 1335-4620
|t Profit
|g Č. 15-16 (2004), s. 58-59
|
| 850 |
|
|
|a Slovenská národná knižnica v Martine
|
| 852 |
|
|
|a SNK
|b KIS3GCP
|
| 958 |
|
|
|a RBX
|
| 999 |
|
|
|c 2061813
|d 2063743
|